The great theft :wrestling Islam from the extremists / (Record no. 6305)

MARC details
000 -LEADER
fixed length control field 00920nac a22002531u 4500
010 ## - LIBRARY OF CONGRESS CONTROL NUMBER
LC control number 2005283877
020 ## - INTERNATIONAL STANDARD BOOK NUMBER
International Standard Book Number 0060563397
082 00 - DEWEY DECIMAL CLASSIFICATION NUMBER
Classification number 297.0904
Item number ABO
090 ## - LOCALLY ASSIGNED LC-TYPE CALL NUMBER (OCLC); LOCAL CALL NUMBER (OCLC)
-- 6305
-- 6305
100 ## - MAIN ENTRY--PERSONAL NAME
Personal name Abou El Fadl, Khaled,
245 14 - TITLE STATEMENT
Title The great theft :wrestling Islam from the extremists /
Remainder of title wrestling Islam from the extremists /
Statement of responsibility, etc Khaled Abou El Fadl.
250 ## - EDITION STATEMENT
Edition statement 1st ed.
260 ## - PUBLICATION, DISTRIBUTION, ETC. (IMPRINT)
Place of publication, distribution, etc New York, NY :
Name of publisher, distributor, etc HarperSanFrancisco,c2005.
Date of publication, distribution, etc c2005.
300 ## - PHYSICAL DESCRIPTION
Extent viii, 308 p. ;
Dimensions 22 cm.
500 ## - GENERAL NOTE
General note Distributer: Al-Ahram.
504 ## - BIBLIOGRAPHY, ETC. NOTE
Bibliography, etc Includes bibliographical references.
511 ## - PARTICIPANT OR PERFORMER NOTE
Participant or performer note Catalogued By: Mahitab.
650 #0 - SUBJECT ADDED ENTRY--TOPICAL TERM
Topical term or geographic name as entry element Islam.
650 #0 - SUBJECT ADDED ENTRY--TOPICAL TERM
Topical term or geographic name as entry element Muslims.
650 #0 - SUBJECT ADDED ENTRY--TOPICAL TERM
Topical term or geographic name as entry element Islamic fundamentalism.
650 #0 - SUBJECT ADDED ENTRY--TOPICAL TERM
Topical term or geographic name as entry element Terrorism
General subdivision Religious aspects
-- Islam.
942 ## - ADDED ENTRY ELEMENTS (KOHA)
Item type Book - Borrowing
Call number prefix 297.0904ABO
Holdings
Withdrawn status Item status Damaged status Not for loan Home library Current library Shelving location Date acquired Source of acquisition Total Checkouts Total Renewals Full call number Barcode Date last seen Date last borrowed Koha item type
        Central Library Central Library Lower Floor 20/11/2007 Purchase 11 11 297.0904ABO 000007823 21/10/2025 21/10/2025 Book - Borrowing